000 00542nam a2200193Ia 4500
005 20250508152423.0
008 008 250505s9999 xx 000 0 eng d
037 _aTextual
040 _aFEDL
_beng
_cFEDL
041 _aeng
_2eng
084 _a370, DRE
_qFEDL
100 _aDreiman David B.
_9760143
245 0 _aHow to get better schools : A tested program
260 _aNew York, USA
_bHarper and Brothers
_c1956
300 _axvii,267p.
650 _aEducation
942 _cTEXL
_h370, DRE
999 _c1336306
_d1336306